000 00602nam a2200217 b 4500
001 00000000111160
003 OSt
005 20130619161911.0
008 020226s1978 esp 000 0 spa d
020 _a84-239-1154-3
040 _aBU-BP
_cBMC
082 _a861.56
100 _aSalinas, Pedro
_9912
_d1891-1951
245 1 0 _aPoemas escogidos
_cPedro Salinas ; edición prologada y dispuesta por Jorge Guillén
250 _a6ª ed
260 _aMadrid
_bEspasa Calpe
_c1978
300 _a165 p.
_c18 cm
490 _aAustral
_v1154
700 _91082
_aGuillén, Jorge
_d1893-1984
942 _2ddc
_cBK
999 _c762
_d762